| 000 | 01095nam a22002897a 4500 | ||
|---|---|---|---|
| 003 | OSt | ||
| 005 | 20250403100602.0 | ||
| 008 | 250403b |||||||| |||| 00| 0 eng d | ||
| 020 | _a9781483377445 (paperback) | ||
| 040 |
_aNUST _beng _cNUST _dNUST _erda |
||
| 050 | _aQA275 HAI | ||
| 100 |
_aHair, Joseph F., Jr _eAuthor |
||
| 245 |
_aA primer on partial least squares structural equation modeling (PLS-SEM) / _cJoseph F. Hair, Jr., Kennesaw State University, G. Tomas M. Hult, Christian M Ringle, Marko Sarstedt. |
||
| 250 | _aSecond edition. | ||
| 260 |
_aLos Angeles : _b Sage, _c2017. |
||
| 300 |
_axx, 363 pages : _bIllustrations _c23 cm. |
||
| 336 |
_2rdamedia _atext _btxt |
||
| 337 |
_2rdamedia _aunmediated _bn |
||
| 338 |
_2rdamedia _avolume _bnc |
||
| 504 | _aIncludes bibliographical references and index. | ||
| 650 | _vLeast squares. | ||
| 650 | _vStructural equation modeling. | ||
| 700 |
_aHult, G. Tomas M _eAuthor |
||
| 700 |
_aRingle, Christian M _eAuthor |
||
| 700 |
_aSarstedt, Marko _eAuthor |
||
| 942 |
_2lcc _cBOOKS _eSecond edition. _hQA275 HAI _kQA _mHAI _n0 |
||
| 999 |
_c171544 _d171544 |
||